000 00645nam a2200289Ia 4500
005 20260324150909.0
008 008 260324s9999 xx 000 0 eng d
020 _a9781032672168
037 _aEBOOK
040 _aCRL
040 _beng
040 _cCRL
041 _2eng
041 _aeng
084 _qCRL
100 _aE. G. R. Taylor
_91227817
245 0 _aTudor Geography
245 0 _b1485-1583
260 _bTaylor and Francis
260 _c1930
365 _a
365 _b195
856 _uhttp://www.taylorfrancis.com/books/9781032672168
942 _cEBOOK
999 _c1838244
_d1838244